000
00203nam a22000857a 4500
008
170221b xxu||||| |||| 00| 0 eng d
100
_9
2940
_a
Sharma.S.C.
245
_a
School Maths-7
260
_a
New Delhi
_c
2014
999
_c
6182
_d
6182